| 000 | 00433nam a2200157 i 4500 | ||
|---|---|---|---|
| 001 | 147708 | ||
| 003 | ES-MaACL | ||
| 005 | 20260612132716.0 | ||
| 007 | t| | ||
| 008 | 071005s1963 sp ||||1| spa d | ||
| 100 | 1 |
_aUscatescu, Jorge, _d1919-1995 _9112293 |
|
| 245 | 1 | 0 |
_aUtopía y plenitud histórica / _cJorge Uscatescu. |
| 260 |
_aMadrid : _bGuadarrama, _c[1963] |
||
| 852 |
_aES-MaACL _jC-23929 _bR.52786 |
||
| 999 |
_c147708 _d147708 |
||